Métiers de “Qui est l’imposteur ?” de Squeezie - Mort subite - Statistiques

Statistiques générales
  • Ce quiz a été pris 328 fois
  • Le résultat moyen est 10 sur 20
Answers on the Grid
Answers color-coded by a green-red scale on the quiz's grid according to % correct below.
Fleuriste
Cascadeur
Facteur
Drag queen
Chef d'orchestre
Policier
Ostéopathe
Boxeur
Ombromane
Mannequin
Serrurier
Pilote d'avion
Jongleur
Professeur de yoga du rire
Mentaliste
Pompier
Critique de cinéma
Garde du corps
Cheerleader
Ventriloque
Caricaturiste
Mime
Joueur de pétanque
Pizzaiolo
Professeur de géographie
Maire
Croque-mort
Collectionneur
Cheerleader
Militaire
 
Statistiques - réponses
Réponse % Correct
Fleuriste
77%
Drag queen
75%
Cascadeur
71%
Ombromane
64%
Professeur de yoga du rire
63%
Ostéopathe
59%
Pilote d'avion
58%
Cheerleader
52%
Chef d'orchestre
52%
Garde du corps
52%
Cheerleader
46%
Ventriloque
46%
Maire
45%
Serrurier
45%
Pizzaiolo
42%
Caricaturiste
34%
Joueur de pétanque
34%
Mentaliste
31%
Collectionneur
30%
Pompier
29%
Aucun quiz correspondant
Distribution des résultats
% des personnes avec chaque résultat
Percentile par nombre de réponses
Votre historique - résultats
Vous n’avez pas pris ce quiz